Mathematical problems for chemistry students / (Record no. 8388)

MARC details
000 -LEADER
fixed length control field 01395cam a22003854a 4500
001 - CONTROL NUMBER
control field 14347018
003 - CONTROL NUMBER IDENTIFIER
control field OSt
005 - DATE AND TIME OF LATEST TRANSACTION
control field 20240611150416.0
008 - FIXED-LENGTH DATA ELEMENTS--GENERAL INFORMATION
fixed length control field 060420s2006 ne a b 001 0 eng
010 ## - LIBRARY OF CONGRESS CONTROL NUMBER
LC control number 2006044531
015 ## - NATIONAL BIBLIOGRAPHY NUMBER
National bibliography number GBA629414
Source bnb
016 7# - NATIONAL BIBLIOGRAPHIC AGENCY CONTROL NUMBER
Record control number 013420317
Source Uk
020 ## - INTERNATIONAL STANDARD BOOK NUMBER
International Standard Book Number 9780444527943
020 ## - INTERNATIONAL STANDARD BOOK NUMBER
International Standard Book Number 044452794X
020 ## - INTERNATIONAL STANDARD BOOK NUMBER
International Standard Book Number 9780444527936 (pbk.)
020 ## - INTERNATIONAL STANDARD BOOK NUMBER
International Standard Book Number 0444527931 (pbk.)
035 ## - SYSTEM CONTROL NUMBER
System control number (OCoLC)ocm67728630
035 ## - SYSTEM CONTROL NUMBER
System control number (OCoLC)67728630
Canceled/invalid control number (OCoLC)64742770
040 ## - CATALOGING SOURCE
Original cataloging agency DLC
Transcribing agency must
Modifying agency BAKER
-- UKM
-- C#P
-- OHX
-- YUS
-- BTCTA
-- YDXCP
-- DLC
042 ## - AUTHENTICATION CODE
Authentication code pcc
050 00 - LIBRARY OF CONGRESS CALL NUMBER
Classification number QA43
Item number .P68 2006
082 00 - DEWEY DECIMAL CLASSIFICATION NUMBER
Classification number 510.2 POT 2006
Edition number 22
100 1# - MAIN ENTRY--PERSONAL NAME
Personal name Póta, György.
9 (RLIN) 17056
245 10 - TITLE STATEMENT
Title Mathematical problems for chemistry students /
Statement of responsibility, etc. György Póta.
250 ## - EDITION STATEMENT
Edition statement 1st ed.
260 ## - PUBLICATION, DISTRIBUTION, ETC. (IMPRINT)
Place of publication, distribution, etc. Amsterdam ;
-- Boston :
Name of publisher, distributor, etc. Elsevier,
Date of publication, distribution, etc. 2006.
300 ## - PHYSICAL DESCRIPTION
Extent viii, 250 p. :
Other physical details ill. ;
Dimensions 25 cm.
504 ## - BIBLIOGRAPHY, ETC. NOTE
Bibliography, etc Includes bibliographical references (p. [243]-246) and index.
650 #0 - SUBJECT ADDED ENTRY--TOPICAL TERM
Topical term or geographic name as entry element Mathematics
Form subdivision Problems, exercises, etc.
9 (RLIN) 17057
650 #0 - SUBJECT ADDED ENTRY--TOPICAL TERM
Topical term or geographic name as entry element Chemistry
Form subdivision Problems, exercises, etc.
9 (RLIN) 17058
856 42 - ELECTRONIC LOCATION AND ACCESS
Materials specified Publisher description
Uniform Resource Identifier http://www.loc.gov/catdir/enhancements/fy0634/2006044531-d.html
906 ## - LOCAL DATA ELEMENT F, LDF (RLIN)
a 7
b cbc
c orignew
d 1
e ocip
f 20
g y-gencatlg
942 ## - ADDED ENTRY ELEMENTS (KOHA)
Source of classification or shelving scheme Dewey Decimal Classification
Koha item type Open Shelf
Holdings
Withdrawn status Lost status Source of classification or shelving scheme Damaged status Not for loan Home library Current library Date acquired Inventory number Total Checkouts Full call number Barcode Date last seen Price effective from Koha item type
    Other/Generic Classification Scheme     MUST Main Library MUST Main Library 11/06/2024 09/31295   510.2 POT 2006 2024-20289 11/06/2024 11/06/2024 Open Shelf